Loading...
| History - European History | 4 | 1 | 0 | 0 | 70 | 27 | 58.00 | 2 | 4 |
| Fine Arts - Auditory Fine Arts | 3 | 1 | 0 | 1 | 55 | 12 | 64.25 | 2 | 3 |
| Fine Arts - Visual Fine Arts | 3 | 1 | 1 | 1 | 50 | 53 | 78.50 | 2 | 4 |
| Literature - British Literature | 0 | 4 | 0 | 2 | 40 | 105 | 116.00 | 0 | 3 |
| Literature - World Literature | 1 | 2 | 0 | 1 | 35 | 64 | 92.67 | 0 | 2 |
| History - American History | 0 | 3 | 0 | 2 | 30 | 101 | 108.67 | 0 | 2 |
| History - Other History | 1 | 1 | 0 | 1 | 25 | 52 | 82.50 | 0 | 1 |
| Religion | 0 | 2 | 0 | 0 | 20 | 85 | 100.00 | 1 | 1 |
| Social Science | 1 | 0 | 0 | 0 | 15 | 46 | 46.00 | 1 | 1 |
| Current Events | 1 | 0 | 0 | 0 | 15 | 67 | 67.00 | 0 | 1 |
| Mythology | 1 | 0 | 1 | 0 | 10 | 69 | 69.00 | 0 | 1 |
| Other Academic | 0 | 1 | 0 | 1 | 10 | 121 | 121.00 | 0 | 0 |
| Philosophy | 1 | 0 | 1 | 0 | 10 | 78 | 78.00 | 0 | 1 |
| Literature - European Literature | 0 | 1 | 0 | 1 | 10 | 128 | 128.00 | 0 | 1 |
| History - World History | 1 | 0 | 3 | 0 | 0 | 36 | 36.00 | 1 | 1 |
| Fine Arts - Other Fine Arts | 0 | 0 | 1 | 0 | -5 | 0.00 | 0 | 0 |